书目信息 |
| 题名: |
中国老行当之谜
|
|
| 作者: | 聂鑫森 著 | |
| 分册: | ||
| 出版信息: | 北京 新华出版社 2007.01 |
|
| 页数: | 243页 | |
| 开本: | 22cm | |
| 丛书名: | 老夫说老丛书 | |
| 单 册: | ||
| 中图分类: | D669.2 | |
| 科图分类: | ||
| 主题词: | 职业--zhi ye--中国--通俗读物 | |
| 电子资源: | ||
| ISBN: | 978-7-5011-7824-7 | |
| 000 | 00854nam 2200241 450 | |
| 001 | 012007169078 | |
| 005 | 20071008170304.64 | |
| 010 | @a978-7-5011-7824-7@dCNY33.00 | |
| 100 | @a20070726d2007 km y0chiy0120 ea | |
| 101 | 0 | @achi |
| 102 | @aCN@b110000 | |
| 105 | @aa z 000yy | |
| 200 | 1 | @a中国老行当之谜@Azhong guo lao hang dang zhi mi@f聂鑫森著@Fnie xin sen zhu |
| 210 | @a北京@c新华出版社@d2007.01 | |
| 215 | @a243页@c图@d22cm | |
| 225 | 2 | @a老夫说老丛书@Alao fu shuo lao cong shu |
| 330 | @a本书选取了百余个中国传统特有的老行当,共分为文艺娱乐行、工匠农业行、作坊店铺行、什杂服务行、三教九流五大类,以随笔的形式,介绍其起源、发展、演变、行规等内容。 | |
| 410 | 0 | @12001 @a老夫说老丛书 |
| 606 | 0 | @a职业@Azhi ye@y中国@j通俗读物 |
| 690 | @aD669.2@v4 | |
| 701 | 0 | @a聂鑫森@Anie xin sen@4著 |
| 801 | 0 | @aCN@c20071008 |
| 905 | @dD669.2@eN586 | |
| 中国老行当之谜/聂鑫森著.-北京:新华出版社,2007.01 |
| 243页:图;22cm.-(老夫说老丛书) |
| ISBN 978-7-5011-7824-7:CNY33.00 |
| 本书选取了百余个中国传统特有的老行当,共分为文艺娱乐行、工匠农业行、作坊店铺行、什杂服务行、三教九流五大类,以随笔的形式,介绍其起源、发展、演变、行规等内容。 |
| ● |
| 相关链接 |
|
|
|
正题名:中国老行当之谜
索取号:D669.2/N586
 
预约/预借
| 序号 | 登录号 | 条形码 | 馆藏地/架位号 | 状态 | 备注 |
| 1 | 250138 | 202501382 | 社科库509/509社科库 76排3列2层/ [索取号:D669.2/N586] | 在馆 | |
| 2 | 250139 | 202501391 | 社科库509/509社科库 76排3列2层/ [索取号:D669.2/N586] | 在馆 |